[Event "4th ACP World Rapid Cup"]
[Site "Odessa UKR"]
[Date "2010.05.27"]
[Round "1.1"]
[White "Moiseenko, A1."]
[Black "Eljanov, P."]
[Result "0-1"]
[WhiteElo "2669"]
[BlackElo "2751"]
[PlyCount "112"]
[EventDate "2010.05.27"]

1. d4 Nf6 2. c4 e6 3. Nf3 d5 4. Nc3 Bb4 5. cxd5 exd5 6. Bg5 h6 7. Bh4 c5 8. e3
c4 9. Be2 g5 10. Bg3 Ne4 11. Rc1 Bxc3+ 12. bxc3 Qa5 13. O-O O-O 14. Qc2 Bf5 15.
Qb2 Qb6 16. Qa3 Qa6 17. Qb2 f6 18. Rfd1 Nc6 19. Nd2 Qb6 20. Qa1 Nxd2 21. Rxd2
Rfe8 22. Bd1 Qd8 23. Rb2 b6 24. h3 Kg7 25. a4 Bg6 26. Rb5 Qd7 27. Qa3 Rad8 28.
Ra1 Qe7 29. Qb2 h5 30. h4 Kh6 31. Qd2 Qe6 32. Be2 Na5 33. Re1 Nb3 34. Qb2 a6
35. Rxb3 cxb3 36. Qxb3 a5 37. c4 Be4 38. hxg5+ fxg5 39. Be5 Rc8 40. cxd5 Bxd5
41. Qb1 h4 42. e4 Bc4 43. f4 Bxe2 44. fxg5+ Kxg5 45. Rxe2 Rg8 46. Rf2 Rcf8 47.
Rb2 Kh5 48. Bc7 Rg5 49. Qd1+ Qg4 50. Qxg4+ Rxg4 51. Rb5+ Kg6 52. Rxb6+ Rf6 53.
e5 Rxb6 54. Bxb6 h3 55. Kh2 hxg2 56. Kg1 Kf5 0-1

[Event "4th ACP World Rapid Cup"]
[Site "Odessa UKR"]
[Date "2010.05.27"]
[Round "1.2"]
[White "Tregubov, P."]
[Black "Gashimov, V."]
[Result "1/2-1/2"]
[WhiteElo "2622"]
[BlackElo "2734"]
[PlyCount "117"]
[EventDate "2010.05.27"]

1. d4 Nf6 2. c4 c5 3. d5 e6 4. Nc3 exd5 5. cxd5 d6 6. Nf3 g6 7. Nd2 Bg7 8. e4
O-O 9. Be2 Re8 10. O-O Nbd7 11. f4 c4 12. Kh1 Nc5 13. e5 dxe5 14. fxe5 Rxe5 15.
Nxc4 Re8 16. Bg5 h6 17. Bxf6 Bxf6 18. Nb5 Bg7 19. Ncd6 Rf8 20. Rc1 a6 21. Rxc5
axb5 22. Nxc8 Rxc8 23. Rxc8 Qxc8 24. d6 Qc5 25. Qd3 Rd8 26. d7 Qe7 27. Rd1 b4
28. Bf3 Bxb2 29. Bxb7 Kg7 30. Bc6 Qe6 31. Qd5 Bf6 32. g3 h5 33. Qxe6 fxe6 34.
Rb1 Be7 35. Rf1 Rb8 36. Kg2 Rb6 37. Rc1 b3 38. axb3 Rxb3 39. Be4 Rb2+ 40. Bc2
g5 41. Kf3 Kf6 42. h3 h4 43. gxh4 gxh4 44. Ba4 Rb4 45. Bc6 Rb3+ 46. Ke4 Rb4+
47. Kd3 Bd8 48. Rc4 Rb3+ 49. Rc3 Rb1 50. Rc4 Rb3+ 51. Rc3 Rb6 52. Ba4 Rb4 53.
Rc4 Rxc4 54. Kxc4 Ke7 55. Kd3 Bc7 56. Ke4 Bb6 57. Bb5 Ba5 58. Ba4 Bb6 59. Bb5
1/2-1/2

[Event "4th ACP World Rapid Cup"]
[Site "Odessa UKR"]
[Date "2010.05.27"]
[Round "1.3"]
[White "Tregubov, P."]
[Black "Gashimov, V."]
[Result "0-1"]
[WhiteElo "2622"]
[BlackElo "2734"]
[PlyCount "84"]
[EventDate "2010.05.27"]

1. d4 d5 2. c4 c6 3. Nf3 Nf6 4. e3 a6 5. Bd2 e6 6. Qc2 Be7 7. Nc3 b5 8. b3 Nbd7
9. Bd3 Bb7 10. c5 Qc7 11. e4 e5 12. b4 dxe4 13. Nxe4 exd4 14. O-O Nxe4 15. Bxe4
Nf6 16. Rfe1 O-O 17. Nxd4 Nxe4 18. Rxe4 Bf6 19. Rae1 Bxd4 20. Rxd4 Rfe8 21.
Ree4 Rad8 22. h3 Qc8 23. Qd3 Rxd4 24. Rxd4 Qe6 25. a3 h6 26. Bc3 Bc8 27. Rd6
Qb3 28. Qd4 f6 29. Rxc6 Qb1+ 30. Kh2 Qc2 31. Rc7 Qf5 32. Bd2 Be6 33. Bf4 Bd5
34. Bg3 Re4 35. Qd1 h5 36. c6 h4 37. Bd6 Qe6 38. Bc5 Qe5+ 39. Kh1 Re1+ 40. Qxe1
Qxe1+ 41. Kh2 Qe5+ 42. Kg1 Qxc7 0-1

[Event "4th ACP World Rapid Cup"]
[Site "Odessa UKR"]
[Date "2010.05.27"]
[Round "1.5"]
[White "Tregubov, P."]
[Black "Gashimov, V."]
[Result "0-1"]
[WhiteElo "2622"]
[BlackElo "2734"]
[PlyCount "74"]
[EventDate "2010.05.27"]

1. d4 d5 2. c4 c6 3. Nf3 Nf6 4. e3 a6 5. Bd2 g6 6. Nc3 Bg7 7. Be2 O-O 8. O-O b5
9. b3 Bg4 10. h3 Bxf3 11. Bxf3 e6 12. a4 b4 13. Ne2 a5 14. Nf4 Nbd7 15. Nd3 Rc8
16. Rc1 Re8 17. Qc2 Ne4 18. Rfd1 Nd6 19. Be1 Qe7 20. Be2 dxc4 21. bxc4 c5 22.
Nb2 Rc7 23. f3 cxd4 24. exd4 e5 25. c5 exd4 26. Nd3 Nf5 27. Rd2 Rec8 28. Bf2
Nxc5 29. Qb1 Bh6 30. f4 Nxd3 31. Rxc7 Qxc7 32. Qxd3 Bxf4 33. Rd1 Be3 34. Bg4
Bxf2+ 35. Kxf2 Qc2+ 36. Kg1 Qxd3 37. Rxd3 Rc3 0-1

[Event "4th ACP World Rapid Cup"]
[Site "Odessa UKR"]
[Date "2010.05.28"]
[Round "2.4"]
[White "Karjakin, Sergey"]
[Black "Shirov, A."]
[Result "1-0"]
[WhiteElo "2739"]
[BlackElo "2742"]
[PlyCount "69"]
[EventDate "2010.05.27"]

1. e4 e5 2. Nf3 Nc6 3. Bb5 a6 4. Bxc6 dxc6 5. O-O Bg4 6. h3 h5 7. d3 Qf6 8.
Nbd2 Ne7 9. Re1 Ng6 10. d4 Nf4 11. hxg4 hxg4 12. g3 gxf3 13. Qxf3 Ne6 14. dxe5
Qxe5 15. Nb3 g6 16. Bd2 c5 17. Rad1 Rd8 18. Bc3 Nd4 19. Qg4 Rh5 20. Nxd4 cxd4
21. Rxd4 Rxd4 22. Bxd4 Qe6 23. Qxe6+ fxe6 24. Kg2 Ra5 25. a3 Ra4 26. Be5 Rc4
27. c3 Rc5 28. f4 g5 29. b4 Rc4 30. fxg5 Bd6 31. Bf6 Kf7 32. e5 Bf8 33. Rh1
Rxc3 34. Rh7+ Kg6 35. Rh8 1-0

[Event "4th ACP World Rapid Cup"]
[Site "Odessa UKR"]
[Date "2010.05.28"]
[Round "2.1"]
[White "Gashimov, V."]
[Black "Gurevich, M."]
[Result "0-1"]
[WhiteElo "2734"]
[BlackElo "2614"]
[PlyCount "106"]
[EventDate "2010.05.27"]

1. e4 e6 2. d4 d5 3. Nc3 Nf6 4. Bg5 dxe4 5. Nxe4 Nbd7 6. Nf3 h6 7. Bh4 Be7 8.
Nxf6+ Bxf6 9. Bxf6 Nxf6 10. Qe2 Qd5 11. Qe5 Bd7 12. Bd3 Qd6 13. O-O-O Bc6 14.
Bb5 O-O 15. Bxc6 Qxc6 16. Kb1 Rfd8 17. Rhe1 a5 18. Qe2 a4 19. a3 Rab8 20. Rd3
b5 21. Ne5 Qb6 22. c3 c5 23. Red1 cxd4 24. Rxd4 Rxd4 25. Rxd4 Qc7 26. f4 g6 27.
g3 Kg7 28. h4 Qb7 29. Ka2 h5 30. Nf3 Rc8 31. Rb4 Qd5+ 32. Ka1 Rc5 33. Nd4 Qh1+
34. Ka2 Qd5+ 35. Kb1 Qh1+ 36. Kc2 Qg1 37. Nxb5 Nd5 38. Rxa4 Qxg3 39. Qe5+ Kh7
40. Ra7 Qf2+ 41. Kb1 Nxc3+ 42. Qxc3 Rxc3 43. bxc3 Qf1+ 44. Kc2 Qe2+ 45. Kc1
Qxb5 46. Rxf7+ Kh6 47. Kc2 e5 48. fxe5 Qxe5 49. Ra7 Qc5 50. Ra4 g5 51. hxg5+
Kxg5 52. Rb4 h4 53. a4 h3 0-1

[Event "4th ACP World Rapid Cup"]
[Site "Odessa UKR"]
[Date "2010.05.28"]
[Round "2.2"]
[White "Gurevich, M."]
[Black "Gashimov, V."]
[Result "1/2-1/2"]
[WhiteElo "2614"]
[BlackElo "2734"]
[PlyCount "109"]
[EventDate "2010.05.27"]

1. d4 Nf6 2. c4 c5 3. d5 e6 4. Nc3 exd5 5. cxd5 Bd6 6. Nf3 O-O 7. Bg5 Re8 8. e3
Bf8 9. Be2 d6 10. O-O Nbd7 11. Nd2 a6 12. a4 Rb8 13. Re1 g6 14. e4 Bg7 15. f4
Qc7 16. Bh4 c4 17. Bf2 Nc5 18. e5 dxe5 19. fxe5 Nfd7 20. e6 fxe6 21. Nxc4 b5
22. axb5 axb5 23. dxe6 Rxe6 24. Bg3 Ne5 25. Nxe5 Bxe5 26. Nxb5 Qb6 27. Bxe5
Rxe5 28. Bc4+ Be6 29. Qd4 Bxc4 30. Rxe5 Nd7 31. Qxb6 Rxb6 32. Ra8+ Kf7 33. Ra7
Kf6 34. Rxd7 Kxe5 35. Nd4 h6 36. Nf3+ Kf6 37. Rd2 g5 38. h3 Rb5 39. Kf2 Bd5 40.
Re2 Rb4 41. Rd2 Ke6 42. Nd4+ Ke5 43. Nf3+ Kd6 44. Nd4 Kc5 45. Nf3 Rf4 46. Kg3
Re4 47. Kf2 Rb4 48. Rc2+ Kd6 49. Rd2 Ke6 50. Re2+ Kf6 51. Rd2 Be4 52. Rd6+ Kg7
53. Rd7+ Kf6 54. Rd6+ Kg7 55. Rd7+ 1/2-1/2